<?xml version='1.0' encoding='UTF-8'?>
  <record xmlns="http://www.loc.gov/MARC21/slim">
    <leader>00000cam a22000007i 4500</leader>
    <controlfield tag="001">ocm68317029</controlfield>
    <controlfield tag="003">OCoLC</controlfield>
    <controlfield tag="005">20240604091121.6</controlfield>
    <controlfield tag="008">970506s1733    enka          000 0 eng d</controlfield>
    <datafield tag="040" ind1=" " ind2=" ">
      <subfield code="a">NLGGC</subfield>
      <subfield code="b">dut</subfield>
      <subfield code="e">fobidrtb</subfield>
      <subfield code="c">NLGGC</subfield>
      <subfield code="d">KCP</subfield>
      <subfield code="d">OCLCQ</subfield>
      <subfield code="d">OCLCO</subfield>
      <subfield code="d">OCLCL</subfield>
      <subfield code="d">OCLCQ</subfield>
    </datafield>
    <datafield tag="029" ind1="0" ind2=" ">
      <subfield code="a">NLGGC</subfield>
      <subfield code="b">157630617</subfield>
    </datafield>
    <datafield tag="035" ind1=" " ind2=" ">
      <subfield code="a">(OCoLC)68317029</subfield>
    </datafield>
    <datafield tag="100" ind1="1" ind2=" ">
      <subfield code="a">Fréart, Roland,</subfield>
      <subfield code="d">1606-1676.</subfield>
    </datafield>
    <datafield tag="245" ind1="1" ind2="2">
      <subfield code="a">A parallel of the ancient architecture with the modern, in a collection of ten principal authors who have written upon the five orders, viz. Palladio and Scamozzi, Serlio and Vignola, S. Barbaro and Cataneo ... :</subfield>
      <subfield code="b">the three Greek orders, Doric, Ionic, and Corinthian, comprise the first part of this treatise, and the two Latin, Tuscan and Composita, the latter /</subfield>
      <subfield code="c">written in French by Roland Freart ; to which is added, An Account of Architects and Architecture, in historical and etymological explanation ... by John Evelyn ; with Leon Baptista Alberti's Treatise of Statues.</subfield>
    </datafield>
    <datafield tag="246" ind1="3" ind2=" ">
      <subfield code="a">Account of architects and architecture</subfield>
    </datafield>
    <datafield tag="246" ind1="3" ind2=" ">
      <subfield code="a">Treatise of statues</subfield>
    </datafield>
    <datafield tag="246" ind1="3" ind2=" ">
      <subfield code="a">Elements of architecture</subfield>
    </datafield>
    <datafield tag="250" ind1=" " ind2=" ">
      <subfield code="a">4th ed., with the add. of The Elements of Architecture /</subfield>
      <subfield code="b">collected by Henry Wotton.</subfield>
    </datafield>
    <datafield tag="260" ind1=" " ind2=" ">
      <subfield code="a">London :</subfield>
      <subfield code="b">Printed by T.W. for J. Walthoe,</subfield>
      <subfield code="c">1733.</subfield>
    </datafield>
    <datafield tag="300" ind1=" " ind2=" ">
      <subfield code="a">XXXVIIJ, 115, 74 p. :</subfield>
      <subfield code="b">ill. ;</subfield>
      <subfield code="c">34 cm</subfield>
    </datafield>
    <datafield tag="700" ind1="1" ind2=" ">
      <subfield code="a">Evelyn, John,</subfield>
      <subfield code="d">1620-1706.</subfield>
      <subfield code="1">https://id.oclc.org/worldcat/entity/E39PBJvmHvWDcgC4TgJwk4GPwC</subfield>
    </datafield>
    <datafield tag="700" ind1="1" ind2=" ">
      <subfield code="a">Alberti, Leon Battista,</subfield>
      <subfield code="d">1404-1472.</subfield>
      <subfield code="1">https://id.oclc.org/worldcat/entity/E39PCjFvr8cGby8W8VXHpj68BX</subfield>
    </datafield>
    <datafield tag="700" ind1="1" ind2=" ">
      <subfield code="a">Wotton, Henry,</subfield>
      <subfield code="d">1568-1639.</subfield>
      <subfield code="1">https://id.oclc.org/worldcat/entity/E39PBJr3y9WWTJGVHwJbf8dbBP</subfield>
    </datafield>
    <datafield tag="936" ind1=" " ind2=" ">
      <subfield code="a">BATCHLOAD</subfield>
    </datafield>
  </record>